| 000 | 00698nam a2200241Ia 4500 | ||
|---|---|---|---|
| 005 | 20240430145622.0 | ||
| 008 | 131103s9999 xx 000 0 und d | ||
| 020 |
_a978-81-7625-691 _cRs 850.00 |
||
| 040 | _aLoreto College | ||
| 041 | _aEnglish | ||
| 082 |
_a371.33 _bMAH |
||
| 100 | _aMahapatra,B.C. | ||
| 245 |
_aInformation Technology and Distance Education _cB.C. Mahapatra and K. Sharma |
||
| 250 | _a Shifting paradigm | ||
| 260 |
_aNew Delhi _bSarup Book Publishers _c2010 |
||
| 300 | _avi. | ||
| 504 | _aIncluds bibliographical references and index | ||
| 650 | _aInformation technology | ||
| 651 | _aEducation | ||
| 700 | _aSharma,Kaushal | ||
| 850 | _aLCBED | ||
| 942 | _cBK | ||
| 999 |
_c37285 _d87764 |
||